01718nam a22002297a 450000500170000000800410001702000180005804000070007604100120008308200180009510000280011324500520014126000430019330000310023636500540026752009490032165000220127070000300129294200120132299900190133495201350135320250409093429.0250409b |||||||| |||| 00| 0 eng d a9780393356496 cAL aEnglish 223a330bWHEN aCharles Wheelan9207999 aNaked Economics: Undressing the Dismal Science  aNew YorkbW W Norton and Companyc2019 axxix,366 p.bPBc21x14 cm. aIN-11971b₹1099.00c₹d₹1099.00f19-03-2025 aClear, concise, informative, [and] witty." ―Chicago Tribune At last! A new edition of the economics book that won’t put you to sleep. In fact, you won’t be able to put this bestseller down. In our challenging economic climate, this perennial favorite of students and general readers is more than a good read, it’s a necessary investment―with a blessedly sure rate of return. This revised and updated edition includes commentary on hot topics such as automation, trade, income inequality, and America’s rising debt. Ten years after the financial crisis, Naked Economics examines how policymakers managed the worst economic crisis since the Great Depression. Demystifying buzzwords, laying bare the truths behind oft-quoted numbers, and answering the questions you were always too embarrassed to ask, the breezy Naked Economics gives you the tools to engage with pleasure and confidence in the deeply relevant, not so dismal science. aEconomics9208000 aMALKIEL(Burton G)9208001 2ddccBK c234128d234128 00102ddc40708ECOaALbALd2025-03-26eamazon.ing1099.00l1m1o330 WHENp077637r2026-03-28 12:05:54s2026-03-11v1099.00yBK